L'explorateur (finale) - Vaïana (Paroles) - Statistiques

Statistiques générales
  • Ce quiz a été pris 50 fois
  • Le résultat moyen est 32 sur 54
Statistiques - réponses
Paroles % Correct
de
79%
Je
79%
je
79%
je
79%
je
79%
Je
79%
la
79%
Le
77%
le
77%
mon
74%
mon
74%
mon
74%
sur
72%
voyage
72%
Et
69%
et
69%
69%
plus
69%
beau
67%
île
67%
mémoire
67%
reviendrai
67%
reviendrai
67%
sera
67%
Explorateur
64%
gardien
64%
prochain
64%
destin
62%
d'où
62%
j'aille
62%
que
62%
Jamais
59%
sagesse
59%
savoir
59%
Tu
59%
viens
59%
choisi
56%
n'oublie
56%
histoire
54%
mes
54%
racontes
51%
Transmets
51%
légendes
49%
Aue
33%
aue
33%
Aue
33%
aue
33%
Aue
33%
aue
33%
Aue
33%
aue
33%
hakilia
13%
ko
8%
Nae
8%
Aucun quiz correspondant
Distribution des résultats
% des personnes avec chaque résultat
Percentile par nombre de réponses
Votre historique - résultats
Vous n’avez pas pris ce quiz